| 000 | 00523nam a2200145Ia 4500 | ||
|---|---|---|---|
| 008 | 140724s9999 xx 000 0 und d | ||
| 050 |
_aBF 637 _b.C112 2013 |
||
| 100 | _aCabanes, Anna Celina C. | ||
| 245 | 4 |
_aThe impact of bullying on the behavioral indicators of selected students of CAA Elementary School / _cAnna Celina C. Cabanes. |
|
| 260 |
_aLas PiƱas, Philippines : _bSouthville International School and Colleges, _cc2013. |
||
| 300 |
_a72 p. : _c28 cm. |
||
| 521 | _aPsychology | ||
| 942 | _cTH | ||
| 999 |
_c228783 _d228783 |
||